| 000 | 00910nam a22003017a 4500 | ||
|---|---|---|---|
| 003 | CHAP | ||
| 005 | 20220329134139.0 | ||
| 008 | 971013s1976 r 00010 d | ||
| 010 | _a16113 | ||
| 011 | _a17085 | ||
| 035 | _a21168 | ||
| 040 | _cCHAP | ||
| 082 |
_a519.5 _bH6 1976 |
||
| 100 | 0 | 0 |
_aHoel, Paul G. _955771 |
| 245 | _aElementary statistics | ||
| 250 | _a4 ed. | ||
| 260 |
_aNew York : _bWiley, _c1976 |
||
| 300 |
_a361 p. _b: ilus. ; gráfs. |
||
| 590 |
_aBATCH-UPD _b10 _c20130110 _lUCH01 _h2105 |
||
| 590 |
_aBATCH-UPD _b10 _c20130410 _lUCH01 _h1417 |
||
| 590 |
_aBATCH-UPD _b10 _c20130914 _lUCH01 _h1323 |
||
| 590 |
_aCONVERSION _b10 _c20130109 _lUCH01 _h1310 |
||
| 650 | 1 | 4 |
_aEstadística. _938241 |
| 901 | _aBK | ||
| 942 | _cLIBRO | ||
| 949 |
_a519.5 H6 1976 _bBC _cLIBRO _d33724000437190 _eLIBRO _h55974 _i21168 _si |
||
| 949 |
_a519.5 H6 1976 _bBC _cLIBRO _d33724000604799 _eLIBRO _fc.2 _h57399 _i21168 _si |
||
| 999 |
_c16113 _d16113 |
||